Guess the Artist of the Song - Statistics

General Stats
  • This quiz has been taken 33 times
    18 since last reset
  • The average score is 4 of 10
Answer Stats
Song Artist % Correct
Thank u Next Ariana Grande
94%
Old Town Road Lil Nas X
94%
Me! Taylor Swift
65%
Stressed Out Twenty one pilots
65%
The Ballad of Mona Lisa Panic! At The Disco
29%
My Songs Know What You Did In The Dark Fall Out Boy
24%
Gold Imagine Dragons
12%
Money Run Low The Score
12%
Who I Am The Score
12%
Mona Lisa OOB
6%
No matching quizzes found
Score Distribution
Percent of People with Each Score
Percentile by Number Answered
Your Score History
You have not taken this quiz since the last reset